SPARKLING CYANIDE (Record no. 2501)
[ view plain ]
| 000 -LEADER | |
|---|---|
| fixed length control field | 00584nam a22001457a 4500 |
| 020 ## - INTERNATIONAL STANDARD BOOK NUMBER | |
| ISBN | 978-0-00-729971-3 |
| 082 ## - DEWEY DECIMAL CLASSIFICATION NUMBER | |
| Classification number | 823 |
| Item number | CHRI/S |
| 100 ## - MAIN ENTRY--AUTHOR NAME | |
| Personal name | CHRISTIE,AGATHA |
| 245 ## - TITLE STATEMENT | |
| Title | SPARKLING CYANIDE |
| 260 ## - PUBLICATION, DISTRIBUTION, ETC. (IMPRINT) | |
| Place of publication | LONDON |
| Name of publisher | HARPER COLLINS |
| 300 ## - PHYSICAL DESCRIPTION | |
| Number of Pages | 336 |
| 520 ## - SUMMARY, ETC. | |
| Summary, etc | A beautiful heiress is fatally poisoned in a West End restaurant. Six people sit down to dinner at a table laid for seven. In front of the empty place is a sprig of rosemary – in solemn memory of Rosemary Barton who died at the same table exactly one year previously. |
| 650 ## - SUBJECT ADDED ENTRY--TOPICAL TERM | |
| Topical Term | NOVEL,ENGLISH |
| Geographic subdivision | LONDON |
| 942 ## - ADDED ENTRY ELEMENTS (KOHA) | |
| Koha item type | Books |
| Withdrawn status | Lost status | Collection code | Home library | Current library | Shelving location | Date acquired | Source of acquisition | Cost, normal purchase price | Full call number | Accession Number | Koha item type |
|---|---|---|---|---|---|---|---|---|---|---|---|
| Fiction | Main Library | Main Library | SHELF-2-E ENGLIAH NOVEL TEACHERS | 03/12/2013 | PURCHASE | 175.00 | 823 CHRI/S | 07621 | Books |